Online katalóg knižníc regiónu Turca

Maják na konci sveta ; (Record no. 22511)

MARC details
000 -LEADER
fixed length control field 00878nam a22002532 4500
001 - CONTROL NUMBER
control field 22511
003 - CONTROL NUMBER IDENTIFIER
control field CZ PrNK
005 - DATE AND TIME OF LATEST TRANSACTION
control field 20260330154149.0
008 - FIXED-LENGTH DATA ELEMENTS--GENERAL INFORMATION
fixed length control field 960522s1989 xo slo
040 ## - CATALOGING SOURCE
Original cataloging agency ABA001
Language of cataloging cze
Transcribing agency ABA001
Modifying agency ABA001
041 1# - LANGUAGE CODE
Language code of text/sound track or separate title slo
Language code of original fre
100 1# - MAIN ENTRY--PERSONAL NAME
Personal name Verne, Jules,
Dates associated with a name 1828-1905
Relationship aut
245 10 - TITLE STATEMENT
Title Maják na konci sveta ;
Remainder of title denník stroskotanca /
Statement of responsibility, etc. Jules Verne ; z francúského originálu preložila Mária Urbanová-Hevierová, Mária Vulganová-Gálová ; ilustroval Milan Veselý
250 ## - EDITION STATEMENT
Edition statement 2. vyd.
260 ## - PUBLICATION, DISTRIBUTION, ETC.
Place of publication, distribution, etc. Bratislava :
Name of publisher, distributor, etc. Mladé letá,
Date of publication, distribution, etc. 1989
300 ## - PHYSICAL DESCRIPTION
Extent 274 s. :
Other physical details il. ;
Dimensions
521 ## - TARGET AUDIENCE NOTE
Target audience note Pre čitateľov od 11 rokov
700 1# - ADDED ENTRY--PERSONAL NAME
Personal name Urbanová-Hevierová, Mária
Relationship trl
700 1# - ADDED ENTRY--PERSONAL NAME
Personal name Gálová, Mária,
Dates associated with a name 1949-
Relationship trl
700 1# - ADDED ENTRY--PERSONAL NAME
Personal name Veselý, Milan,
Dates associated with a name 1939-2015
Relationship ill
740 02 - ADDED ENTRY--UNCONTROLLED RELATED/ANALYTICAL TITLE
Uncontrolled related/analytical title Denník stroskotanca
910 ## - USER-OPTION DATA (OCLC)
User-option data ABA001
942 ## - ADDED ENTRY ELEMENTS (KOHA)
Source of classification or shelving scheme Dewey Decimal Classification
Koha item type Krásna literatúra pre dospelých
Suppress in OPAC No
Holdings
Stav vyradenia Strata Poškodenie Spôsob nadobudnutia Domovská knižnica Aktuálna knižnica Dátum nadobudnutia Total checkouts Čiarový kód exemplára Date last seen Typ exemplára
      Dar Obecná knižnica Horná Štubňa Obecná knižnica Horná Štubňa 30.03.2026   4736202067 30.03.2026 Krásna literatúra pre dospelých
Projekt je podporený Slovenskou asociáciou knižníc
Prevádzkuje Turčianska knižnica Martin 2026